<?xml version="1.0" encoding="UTF-8"?>
<collection xmlns:xsi="http://www.w3.org/2001/XMLSchema-instance" xsi:schemaLocation="http://www.loc.gov/MARC21/slim http://www.loc.gov/standards/marcxml/schema/MARC21slim.xsd" xmlns="http://www.loc.gov/MARC21/slim">
 <record>
  <leader>00000ctm a22000004a 4500</leader>
  <controlfield tag="001">UP-99796217605093853</controlfield>
  <controlfield tag="003">Buklod</controlfield>
  <controlfield tag="005">20080210002836.0</controlfield>
  <controlfield tag="006">a     r    |||| u|</controlfield>
  <controlfield tag="007">ta</controlfield>
  <controlfield tag="008">080210s2000    xx      r    |||| u|eng d</controlfield>
  <datafield tag="035" ind1=" " ind2=" ">
   <subfield code="a">(iLib)UPD-00000307728</subfield>
  </datafield>
  <datafield tag="040" ind1=" " ind2=" ">
   <subfield code="a">DCHE</subfield>
  </datafield>
  <datafield tag="041" ind1=" " ind2=" ">
   <subfield code="a">eng</subfield>
  </datafield>
  <datafield tag="090" ind1=" " ind2=" ">
   <subfield code="a">LG 993.5 2000 F66</subfield>
   <subfield code="b">D44</subfield>
  </datafield>
  <datafield tag="100" ind1="1" ind2=" ">
   <subfield code="a">De Guzman, Anna Consuelo de Leon</subfield>
  </datafield>
  <datafield tag="245" ind1="1" ind2="0">
   <subfield code="a">Development of choco-peanut spread</subfield>
   <subfield code="c">Anna Consuelo de Leon de Guzman ; Flor Crisanta F. Galvez, adviser.</subfield>
  </datafield>
  <datafield tag="264" ind1=" " ind2="1">
   <subfield code="a">2000.</subfield>
  </datafield>
  <datafield tag="300" ind1=" " ind2=" ">
   <subfield code="a">43 leaves</subfield>
   <subfield code="b">ill.</subfield>
  </datafield>
  <datafield tag="500" ind1=" " ind2=" ">
   <subfield code="a">Thesis (BSFT)-- University of the Philippines Diliman</subfield>
  </datafield>
  <datafield tag="520" ind1=" " ind2=" ">
   <subfield code="a">ABSTRACT Six formulations of choco-peanut spread were prepared using different amounts of cocoa powder(0%, 2%, 4%, 6%, 8%, 10%). Fifty randomly selected panelists evaluated the samples of general acceptability, acceptability of color, sweetness, flavor, and spredability using 9-point hedonic scales. Sensory evaluation scores were analyzed using ANOVA and DMRT. At 5% level of significance, significant differences were found in the color, sweetness, chocolate flavor, and spreadability of the samples. The formulation with 2%cocoa powder received the highest mean panel score for general acceptability, color and sweetness with a color description of brown and a sweetness description of &quot;just right&quot;. The formulation with 4% cocoa powder received the highest mean panel score for chocolate flavor. The panelists perceived it as having neither creamy nor bitter chocolate flavor. The formulation with 0% powder received the highest mean panel score for spreadability with a spreadability description of moderately spreadable. Results indicated that a choco-peanut spread with 2%-4% cocoa powder will give a product that is acceptable to consumers in terms of color, sweetness, chocolate flavor, and spreadability.</subfield>
  </datafield>
  <datafield tag="650" ind1=" " ind2="4">
   <subfield code="a">Peanut butter.</subfield>
  </datafield>
  <datafield tag="650" ind1="1" ind2="7">
   <subfield code="a">Peanut products.</subfield>
  </datafield>
  <datafield tag="700" ind1="1" ind2=" ">
   <subfield code="a">Galvez, Flor Crisanta F.</subfield>
  </datafield>
  <datafield tag="905" ind1=" " ind2=" ">
   <subfield code="a">UPIANA</subfield>
  </datafield>
  <datafield tag="950" ind1=" " ind2=" ">
   <subfield code="a">Thesis</subfield>
  </datafield>
  <datafield tag="852" ind1="0" ind2=" ">
   <subfield code="a">UPD</subfield>
   <subfield code="b">DCHE</subfield>
   <subfield code="h">LG 993.5 2000 F66</subfield>
   <subfield code="i">D44</subfield>
  </datafield>
  <datafield tag="942" ind1=" " ind2=" ">
   <subfield code="a">Thesis</subfield>
  </datafield>
 </record>
</collection>
